Archivmaterialien zu Friedel Bolle, 1947-2021

Saved in:  
Bibliographic Details
Main Author: Bolle, Friedel 1947-2021 (Author)
Format: Electronic Archival Collections
Language:German
In:Year: 2019
Online Access: Archivdatenbank (Kalliope Verbundkatalog)
Check availability: HBZ Gateway

MARC

LEADER 00000npc a22000002 4500
001 LR122491165
003 PipeLineGenerated
005 20260529132327.0
008 190606s2019 xx ||||| 00| ||ger c
100 |a Bolle, Friedel  |0 (DE-588)122491165  |0 (DE-627)081976240  |d 1947-2021 
245 |a Archivmaterialien zu Friedel Bolle, 1947-2021 
856 |u https://kalliope-verbund.info/gnd/122491165  |3 Archivdatenbank (Kalliope Verbundkatalog) 
ELC |a 1